| 000 | 01074nam a22002537a 4500 | ||
|---|---|---|---|
| 005 | 20170124102939.0 | ||
| 010 | _aA-984307 | ||
| 020 | _c100.00 | ||
| 035 | _aA-984307 | ||
| 037 | _bCen Lib/Ret | ||
| 040 |
_aDPL _bHN |
||
| 082 |
_a827 _bवत्सश्री |
||
| 100 |
_aवत्स, श्रीनिवास _942810 |
||
| 245 |
_aचोर भये कोतवाल / _cश्रीनिवास वत्स |
||
| 246 |
_aChor bhaye kotwal / _bby Shrinivas Vats |
||
| 260 |
_aदिल्ली _bनेशनल पब्लिशिंग हाउस _c1999 |
||
| 270 |
_bदिल्ली _a2/35, अंसारी रोड, दरियागंज _e110002 |
||
| 300 |
_a125पृ. _c20सेमी(सजिल्द) |
||
| 650 |
_aहिन्दी साहित्य _947727 |
||
| 650 |
_aहिन्दी साहित्य -- कहानियाँ _947728 |
||
| 650 |
_aHindi literature _947729 |
||
| 650 |
_aHindi literature -- stories _947730 |
||
| 942 |
_2ddc _cHN _h827 _mवत्सश्री |
||
| 999 |
_c112469 _d112469 |
||